ბათუმის შოთა რუსთაველის სახელმწიფო უნივერსიტეტის ბიბლიოთეკა

ადამიანური რესურსების მენეჯმენტი : (ბიბ.ჩანაწერი № 49216)

000 -ლიდერი
ფიქსირებული სიგრძის საკონტროლო ველი 01196nam a2200253Ia 4500
001 - საკონტროლო ნომერი
საკონტროლო ველი 16128
003 - საკონტროლო ნომრის იდენტიფიკატორი
საკონტროლო ველი GE_BSU
005 - ბოლო ოპერაციის თარიღი და დრო
საკონტროლო ველი 20241216162101.0
008 - ფიქსირებული სიგრძის მონაცემთა ელემენტები - ზოგადი ინფორმაცია
ფიქსირებული სიგრძის საკონტროლო ველი 181216s2015||||ge |||||||||||||| ||geo||
020 ## - წიგნის საერთაშორისო სტანდარტული ნომერი
International Standard Book Number 9789941225802
040 ## - კატალოგიზაციის წყარო
Transcribing agency GE_BSU
041 ## - ენის კოდი
Language code of text/sound track or separate title geo
080 ## - უნივერსალური ათობითი კლასიფიკაციის ინდექსი
Universal Decimal Classification number 005.95/96(075.8) გ-43
100 ## - მთავარი ჩანაწერი - პიროვნების სახელი
Personal name გეჩბაია, ბადრი
9 (RLIN) 18514
245 ## - ცნობა სათაურის შესახებ
Title ადამიანური რესურსების მენეჯმენტი :
Remainder of title სასწავლო მეთოდური სახ-ლო /
Statement of responsibility, etc ბადრი გეჩბაია, ანზორ დევაძე ; რედ. პ. აროშიძე.
264 ## - წარმოების, გამოცემის, დისტრიბუციის და სხვა ცნობები
გამოცემის, წარმოების, დისტრიბუციის... ადგილი თბილისი :
გამოცემის, წარმოების, დისტრიბუციის... სახელწოდება უნივერსალი,
გამოცემის, წარმოების, დისტრიბუციის... თარიღი 2015.
300 ## - ფიზიკური აღწერა
Extent 275 გვ. :
Other physical details ილ.
Dimensions 20სმ.
504 ## - BIBLIOGRAPHY, ETC. NOTE
Bibliography, etc ბიბლიოგრ : გვ. 274-275
653 ## - INDEX TERM--UNCONTROLLED
Uncontrolled term ადამიანური რესურსების მართვა
653 ## - INDEX TERM--UNCONTROLLED
Uncontrolled term ადამიანური რესურსების მენეჯმენტი
700 ## - ADDED ENTRY--PERSONAL NAME
Personal name დევაძე, ანზორ
Relator term ავტორი
9 (RLIN) 4964
700 ## - ADDED ENTRY--PERSONAL NAME
Personal name აროშიძე, პ.
9 (RLIN) 10745
942 ## - ADDED ENTRY ELEMENTS (KOHA)
Koha item type წიგნი
Source of classification or shelving scheme
ეგზემპლარები
ჩამოწერის სტატუსი დაკარგული ეგზემპლარის სტატუსი კლასიფიკაციის წყარო ან თაროზე გაწყობის სქემა დაზიანების სტატუსი არ გაიცემა მუდმივი მდებარეობა (დაცვის ადგილი) ამჟამინდელი ადგილსამყოფელი თაროზე განთავსების ადგილი შეძენის თარიღი სრული შენახვის შიფრი შტრიხკოდი ბოლო ოპერაციის თარიღი ეგზემპლარის მიმდევრობითი ნომერი (კეტერი?) ფასის ძალაში შესვლის თარიღი ეგზემპლარის სახეობა ღირებულება, შესყიდვის ნორმალური ფასი საჯარო შენიშვნა
          ბათუმის შოთა რუსთაველის სახელმწიფო უნივერსიტეტის მთავარი ბიბლიოთეკა ბათუმის შოთა რუსთაველის სახელმწიფო უნივერსიტეტის მთავარი ბიბლიოთეკა წიგნსაცავი 2018-12-17 005.95/96(075.8) გ-43 27524 2018-12-17 27524 2018-12-17 წიგნი    
          ბათუმის შოთა რუსთაველის სახელმწიფო უნივერსიტეტის მთავარი ბიბლიოთეკა ბათუმის შოთა რუსთაველის სახელმწიფო უნივერსიტეტის მთავარი ბიბლიოთეკა წიგნსაცავი 2018-12-17 005.95/96(075.8) გ-43 27525 2018-12-17 27525 2018-12-17 წიგნი    
          ბათუმის შოთა რუსთაველის სახელმწიფო უნივერსიტეტის მთავარი ბიბლიოთეკა ბათუმის შოთა რუსთაველის სახელმწიფო უნივერსიტეტის მთავარი ბიბლიოთეკა წიგნსაცავი 2018-12-17 005.95/96(075.8) გ-43 27810 2018-12-17 27810 2018-12-17 წიგნი 10.00 10 ლ.